| 000 | 00868nam a2200229 a 4500 | ||
|---|---|---|---|
| 005 | 20240920064357.0 | ||
| 008 | 991125m19912000es 000 0 spa u | ||
| 020 | _a8471123487 | ||
| 035 | _aUPN01000017599 | ||
| 049 | _aCG | ||
| 050 | 4 |
_aGV452 _bA7.38 |
|
| 100 | 1 | _aArnold, Peter J. | |
| 245 | 1 | 0 |
_aEducación física, movimiento y curriculum / _cPeter J. Arnold ; tr. Guillermo Solana. |
| 260 |
_aMadrid : _bMinisterio de Educación y Cultura : _bMorata, _c1991 (2000 impr.). |
||
| 300 | _a204 p. | ||
| 440 | 0 |
_aPedagogía. _pEducación infantil y primaria ; _v17 |
|
| 500 | _aPublicado originalmente: Ministerio de Educación y Ciencia : Morata. | ||
| 534 |
_pTraducción de: _tEducation, movement and the curriculum |
||
| 650 | 4 |
_aEducación _xFines y objetivos _94837 |
|
| 650 | 4 |
_aEducación física _xEstudio y enseñanza (Elemental) _911517 |
|
| 905 | _aLibro | ||
| 999 |
_c17599 _d17599 |
||